លទ្ធភាពបំផ្លាញពងស្រឹងនៃពពួកសត្វរំពា និងប៉ារ៉ាស៊ីតនៅស្ថានីយ៍ស្ទឹងមានជ័យ (Record no. 127)
[ view plain ]
| 000 -LEADER | |
|---|---|
| fixed length control field | 00584nam a22001577a 4500 |
| 003 - CONTROL NUMBER IDENTIFIER | |
| control field | OSt |
| 005 - DATE AND TIME OF LATEST TRANSACTION | |
| control field | 20150908120920.0 |
| 008 - FIXED-LENGTH DATA ELEMENTS--GENERAL INFORMATION | |
| fixed length control field | 150908b xxu||||| |||| 00| 0 eng d |
| 040 ## - CATALOGING SOURCE | |
| Transcribing agency | RUA |
| 082 ## - DEWEY DECIMAL CLASSIFICATION NUMBER | |
| Classification number | AGR ឃឹម 1992 B005 Or.1 |
| 100 ## - MAIN ENTRY--PERSONAL NAME | |
| 9 (RLIN) | 145 |
| Personal name | ឃឹម ចន្នី |
| 245 ## - TITLE STATEMENT | |
| Title | លទ្ធភាពបំផ្លាញពងស្រឹងនៃពពួកសត្វរំពា និងប៉ារ៉ាស៊ីតនៅស្ថានីយ៍ស្ទឹងមានជ័យ |
| 260 ## - PUBLICATION, DISTRIBUTION, ETC. (IMPRINT) | |
| Place of publication, distribution, etc. | Phnom Penh |
| Name of publisher, distributor, etc. | RUA |
| Date of publication, distribution, etc. | 1992 |
| 300 ## - PHYSICAL DESCRIPTION | |
| Extent | 62p. |
| Other physical details | ill. |
| Dimensions | 29cm. |
| 942 ## - ADDED ENTRY ELEMENTS (KOHA) | |
| Source of classification or shelving scheme | |
| Koha item type | AGR |
| Price effective from | Date last seen | Permanent Location | Not for loan | Date acquired | Source of classification or shelving scheme | Koha item type | Lost status | Withdrawn status | Date last checked out | Total Checkouts | Shelving location | Damaged status | Barcode | Current Location | Full call number |
|---|---|---|---|---|---|---|---|---|---|---|---|---|---|---|---|
| 2015-09-08 | 2017-09-25 | Library Block B | 2015-09-08 | AGR | 2017-09-01 | 1 | B005 | RUA004247 | Library Block B | AGR ឃឹម 1992 B005 Or.1 | |||||
| 2015-09-08 | 2019-07-16 | Library Block B | 2015-09-08 | AGR | 2019-07-10 | 1 | B005 | RUA003425 | Library Block B | AGR ឃឹម 1992 B005 Or.2 | |||||
| 2015-09-08 | 2019-07-12 | Library Block B | 2015-09-08 | AGR | 2019-07-03 | 1 | B005 | RUA003921 | Library Block B | AGR ឃឹម 1992 B005 Or.3 | |||||
| 2015-09-08 | 2015-09-08 | Library Block B | 2015-09-08 | AGR | B005 | RUA003282 | Library Block B | AGR ឃឹម 1992 B005 Or.4 | |||||||
| 2015-09-08 | 2019-07-15 | Library Block B | 2015-09-08 | AGR | 2019-07-05 | 1 | B005 | RUA003210 | Library Block B | AGR ឃឹម 1992 B005 Or.5 | |||||
| 2015-09-08 | 2015-09-08 | Library Block B | 2015-09-08 | AGR | B005 | RUA003354 | Library Block B | AGR ឃឹម 1992 B005 Or.6 | |||||||
| 2015-09-08 | 2015-09-08 | Library Block B | 2015-09-08 | AGR | B005 | RUA003494 | Library Block B | AGR ឃឹម 1992 B005 Or.7 | |||||||
| 2015-09-08 | 2019-07-24 | Library Block B | 2015-09-08 | AGR | 2019-07-05 | 1 | B005 | RUA003495 | Library Block B | AGR ឃឹម 1992 B005 Or.8 | |||||
| 2015-09-08 | 2015-09-08 | Library Block B | 2015-09-08 | AGR | B005 | RUA003208 | Library Block B | AGR ឃឹម 1992 B005 Or.9 |